<?xml version="1.0" encoding="UTF-8"?>
<record
    xmlns:xsi="http://www.w3.org/2001/XMLSchema-instance"
    xsi:schemaLocation="http://www.loc.gov/MARC21/slim http://www.loc.gov/standards/marcxml/schema/MARC21slim.xsd"
    xmlns="http://www.loc.gov/MARC21/slim">

  <leader>01713nam a2200337 i 4500</leader>
  <controlfield tag="001">768714001</controlfield>
  <controlfield tag="003">CO-MdFUSB</controlfield>
  <controlfield tag="005">20220504172812.0</controlfield>
  <controlfield tag="007">ta</controlfield>
  <controlfield tag="008">170522t1967    -us||||| |||| 00| 0 eng d</controlfield>
  <datafield tag="020" ind1=" " ind2=" ">
    <subfield code="q">[No incluye ISBN]</subfield>
  </datafield>
  <datafield tag="040" ind1=" " ind2=" ">
    <subfield code="a">CO-MdFUSB</subfield>
    <subfield code="b">spa</subfield>
    <subfield code="c">CO-MdFUSB</subfield>
    <subfield code="d">CO-MdFUSB</subfield>
    <subfield code="e">rda</subfield>
  </datafield>
  <datafield tag="041" ind1="0" ind2=" ">
    <subfield code="a">eng</subfield>
  </datafield>
  <datafield tag="082" ind1="0" ind2="4">
    <subfield code="2">23</subfield>
    <subfield code="a">221.7</subfield>
    <subfield code="b">OL44</subfield>
  </datafield>
  <datafield tag="100" ind1="1" ind2=" ">
    <subfield code="a">Eichrodt, Walther (1890-)</subfield>
    <subfield code="e">autor</subfield>
  </datafield>
  <datafield tag="245" ind1="0" ind2="0">
    <subfield code="a">Theology of the Old Testament</subfield>
    <subfield code="c">/ Walther Eichrodt ; traducido por J. A. Baker, </subfield>
  </datafield>
  <datafield tag="264" ind1=" " ind2="1">
    <subfield code="a">Philadelphia, USA : </subfield>
    <subfield code="b">The Westminster Press, </subfield>
    <subfield code="c">&#x2117;1961</subfield>
  </datafield>
  <datafield tag="264" ind1=" " ind2="4">
    <subfield code="c">&#xA9;1961</subfield>
  </datafield>
  <datafield tag="300" ind1=" " ind2=" ">
    <subfield code="a">573 p&#xE1;ginas</subfield>
    <subfield code="c">; 23 cm</subfield>
  </datafield>
  <datafield tag="336" ind1=" " ind2=" ">
    <subfield code="2">rdacontent</subfield>
    <subfield code="a">texto</subfield>
    <subfield code="b">txt</subfield>
  </datafield>
  <datafield tag="337" ind1=" " ind2=" ">
    <subfield code="2">rdamedia</subfield>
    <subfield code="a">sin mediaci&#xF3;n</subfield>
    <subfield code="b">n</subfield>
  </datafield>
  <datafield tag="338" ind1=" " ind2=" ">
    <subfield code="2">rdacarrier</subfield>
    <subfield code="a">volumen</subfield>
    <subfield code="b">nc</subfield>
  </datafield>
  <datafield tag="490" ind1="4" ind2=" ">
    <subfield code="a">The Old Testament Library</subfield>
  </datafield>
  <datafield tag="505" ind1=" " ind2=" ">
    <subfield code="a">Vol. 2 -- Segunda parte: Dios y el mundo -- XII: Las formas de la auto-manifestaci&#xF3;n de Dios -- XIII: Los poderes c&#xF3;smicos de Dios -- XIV: Los poderes c&#xF3;smicos de Dios continu&#xF3; -- XV: Cosmolog&#xED;a y creaci&#xF3;n -- XVI: El lugar del hombre en la creaci&#xF3;n -- XVII: Mantenimiento del mundo -- XVIII: El mundo celestial -- XIX: El mundo subterr&#xE1;neo -- Parte tres: Dios y el hombre -- XX: El individuo y la comunidad en el Antiguo Testamento Relaci&#xF3;n hombre-hombre -- XXI: Las formas fundamentales de la relaci&#xF3;n personal del hombre con Dios. -- XXII: El efecto de la piedad en la conducta (moralidad del Antiguo Testamento) -- XXIII: El indulto y la perdici&#xF3;n De la relaci&#xF3;n del individuo con Dios (Inmoralidad) </subfield>
  </datafield>
  <datafield tag="563" ind1=" " ind2=" ">
    <subfield code="a">Pasta dura</subfield>
  </datafield>
  <datafield tag="630" ind1=" " ind2="7">
    <subfield code="a">Biblia.</subfield>
    <subfield code="p">Antiguo Testamento</subfield>
    <subfield code="x">Teolog&#xED;a</subfield>
  </datafield>
  <datafield tag="650" ind1=" " ind2="7">
    <subfield code="a">Teolog&#xED;a b&#xED;blica</subfield>
    <subfield code="9">320</subfield>
  </datafield>
  <datafield tag="942" ind1=" " ind2=" ">
    <subfield code="c">REF</subfield>
  </datafield>
  <datafield tag="945" ind1=" " ind2=" ">
    <subfield code="a">JTF-925</subfield>
  </datafield>
  <datafield tag="952" ind1=" " ind2=" ">
    <subfield code="0">0</subfield>
    <subfield code="1">0</subfield>
    <subfield code="2">ddc</subfield>
    <subfield code="4">0</subfield>
    <subfield code="7">0</subfield>
    <subfield code="8">REF</subfield>
    <subfield code="a">FUSBC</subfield>
    <subfield code="b">FUSBC</subfield>
    <subfield code="d">2022-04-25</subfield>
    <subfield code="l">1</subfield>
    <subfield code="o">R 221.7 OL44t</subfield>
    <subfield code="p">18900</subfield>
    <subfield code="r">2025-08-21 00:00:00</subfield>
    <subfield code="s">2016-07-18</subfield>
    <subfield code="t">Vol. 2, ej. 1</subfield>
    <subfield code="w">2016-01-26</subfield>
    <subfield code="y">REF</subfield>
    <subfield code="B">0</subfield>
    <subfield code="k">1</subfield>
    <subfield code="I">INV2023</subfield>
  </datafield>
  <datafield tag="999" ind1=" " ind2=" ">
    <subfield code="c">33087</subfield>
    <subfield code="d">33087</subfield>
  </datafield>
</record>
